000 01142nac a22003011i 4500
003 EG-ScBUE
005 20250601094236.0
008 250306t1982 nyua f b 001 0 eng d
020 _a047107859X
040 _aEG-ScBUE
_beng
_erda
_cEG-ScBUE
_dEG-ScBUE
082 0 4 _a519.5
_bGUT
_222
100 1 _aGuttman, Irwin,
_eauthor.
245 1 0 _aIntroductory engineering statistics /
_cIrwin Guttman, University of Toronto, The Late S. S. Wilks, Princeton University, J. Stuart Hunter, Princeton University.
250 _aThird edition.
264 1 _aNew York :
_bJohn Wiley & Sons, Inc.,
_c[1982]
264 4 _cc1982
300 _axi, 580 pages :
_billustrations ;
_c25 cm.
336 _2rdacontent
_atext
_btxt
337 _aunmediated
_2rdamedia
_bn
338 _avolume
_bnc
_2rdacarrier
490 0 _aWiley series in probability and mathematical statistics
504 _aIncludes bibliographical references and index.
650 7 _aEngineering
_xStatistical methods.
_2BUEsh
655 _vReading book
700 1 _aWilks, S. S.
_q(Samuel Stanley),
_d1906-1964,
_eauthor.
700 1 _aHunter, J. Stuart,
_d1923-
_eauthor.
942 _cBB
_2ddc
999 _c4472
_d4472